Southville International School and Colleges
Your cart is empty.
  • Cart
  • Lists
    Public lists Eva Luna New books Lux_list list_1
    Your lists Log in to create your own lists
  • Log in to your account
  • Your cookies
  • Search history
Southville International School and Colleges
  • Advanced search
  • Recent comments
  • Most popular
  • Libraries

Log in to your account

Log in with GOOGLE


If you do not have an external account, but do have a local account, you can still log in:

  1. Home
  2. MARC view: Teaching children to learn /
Normal view MARC view ISBD view

Teaching children to learn / (Record no. 357319)

[ view plain ]
MARC details
000 -LEADER
fixed length control field 00618nam a2200229Ia 4500
008 - FIXED-LENGTH DATA ELEMENTS--GENERAL INFORMATION
fixed length control field 180523s9999 xx 000 0 und d
020 ## - INTERNATIONAL STANDARD BOOK NUMBER
International Standard Book Number 0-7487-2091-X
050 ## - LIBRARY OF CONGRESS CALL NUMBER
Classification number MAIN LB 1051
050 ## - LIBRARY OF CONGRESS CALL NUMBER
Item number .F57 2001
100 ## - MAIN ENTRY--PERSONAL NAME
Personal name Fisher, Robert.
245 #0 - TITLE STATEMENT
Title Teaching children to learn /
245 #0 - TITLE STATEMENT
Statement of responsibility, etc Robert Fisher.
260 ## - PUBLICATION, DISTRIBUTION, ETC. (IMPRINT)
Place of publication, distribution, etc United Kingdom.
260 ## - PUBLICATION, DISTRIBUTION, ETC. (IMPRINT)
Name of publisher, distributor, etc Nelson Thornes,
260 ## - PUBLICATION, DISTRIBUTION, ETC. (IMPRINT)
Date of publication, distribution, etc 1995
300 ## - PHYSICAL DESCRIPTION
Extent 165 pages :
300 ## - PHYSICAL DESCRIPTION
Dimensions 24 cm.
500 ## - GENERAL NOTE
General note Includes bibliographical references and index.
650 ## - SUBJECT ADDED ENTRY--TOPICAL TERM
Topical term or geographic name as entry element Cognition in children.
650 ## - SUBJECT ADDED ENTRY--TOPICAL TERM
Topical term or geographic name as entry element Effective teaching.
650 ## - SUBJECT ADDED ENTRY--TOPICAL TERM
General subdivision Learning, Psychology of.
Holdings
Withdrawn status Lost status Damaged status Home library Current library Shelving location Date acquired Cost, normal purchase price Total Checkouts Full call number Barcode Date last seen Price effective from Koha item type
      South Mansfield College South Mansfield College   03/07/2005 2.00   MAIN LB 1051 .F57 2001 SMC01874 05/23/2018 05/23/2018  

Teaching children to learn /

APA

Fisher R., .Teaching children to learn. United Kingdom: .

Chicago

Fisher Robert, .Teaching children to learn. United Kingdom: .

Harvard

Fisher R., .Teaching children to learn. United Kingdom: .

MLA

Fisher Robert, .United Kingdom: . .

  • Place hold
  • Print
  • Cite
  • Add to your cart (remove)
  • Save record
    BIBTEX Dublin Core MARCXML MARC (non-Unicode/MARC-8) MARC (Unicode/UTF-8) MARC (Unicode/UTF-8, Standard) MODS (XML) RIS
  • More searches
    Search for this title in:
    Other Libraries (WorldCat) Other Databases (Google Scholar) Online Stores (Bookfinder.com) Open Library (openlibrary.org)

Exporting to Dublin Core...

SOUTHVILLE LIBRARY

Southville International School and Colleges Library

1281 Tropical Ave. Cor. Luxembourg St., BF Homes International, Las Pinas City

Tel. No. 8256374 / 252358 Loc. 117/146

Powered by Koha